[Event "GER-ch U18 sf Berlin Online"]
[Site "Playchess.com INT"]
[Date "2020.05.01"]
[Round "8"]
[White "Hoyer, Max"]
[Black "Kuhn, Alexander"]
[Result "1-0"]
[WhiteElo "1620"]
[BlackElo "1620"]
[PlyCount "113"]
[EventDate "2020.05.01"]
[EventType "swiss (blitz)"]
[EventRounds "13"]
[EventCountry "GER"]
[SourceTitle "CBM 195 Extra"]
[Source "ChessBase"]
[SourceDate "2020.05.31"]
[SourceVersion "1"]
[SourceVersionDate "2020.05.31"]
[SourceQuality "1"]

1. e4 e6 2. Nf3 Nh6 3. Bc4 Nc6 4. d3 Qe7 5. 0-0 b6 6. Bf4 Bb7 7. Bxc7 Rc8 8. Bf4 Qf6 9. g3 g5 10. Be3 Bg7 11. Nc3 Qe7 12. Qd2 g4 13. Nh4 Bf6 14. Bxh6 Rg8 15. Qe3 Nb4 16. Rab1 Nxc2 17. Qf4 Nd4 18. e5 Ne2+ 19. Nxe2 Bh8 20. b4 a5 21. bxa5 Ba8 22. Rxb6 Qd8 23. Ba6 Rc2 24. Nd4 Rxa2 25. Rfb1 Rxa5 26. Rb8 Rxa6 27. Rxd8+ Kxd8 28. Rb8+ Kc7 29. Rxg8 Ra1+ 30. Qc1+ Rxc1+ 31. Bxc1 Bxe5 32. Rxa8 Bxd4 33. Bf4+ Kc6 34. Rc8+ Kb5 35. Rc7 Kb4 36. Rxd7 Bb2 37. Rxf7 h6 38. Ng6 Kb3 39. Ne5 Ka3 40. Nc4+ Ka2 41. Nxb2 Kxb2 42. Rb7+ Kc3 43. Be5+ Kc2 44. Re7 Kc1 45. Rxe6 Kb1 46. d4 Ka1 47. d5+ Ka2 48. d6 Ka3 49. d7 Ka4 50. d8Q Ka3 51. Qa8+ Kb3 52. Rb6+ Kc2 53. Qc8+ Kd1 54. Rd6+ Ke2 55. Qe8 Kf3 56. Ba1 h5 57. Rf6# 1-0

[Event "GER-ch U18 sf Berlin Online"]
[Site "Playchess.com INT"]
[Date "2020.05.01"]
[Round "3"]
[White "Kullen, Josua"]
[Black "Hoyer, Max"]
[Result "1-0"]
[WhiteElo "1620"]
[BlackElo "1620"]
[PlyCount "53"]
[EventDate "2020.05.01"]
[EventType "swiss (blitz)"]
[EventRounds "13"]
[EventCountry "GER"]
[SourceTitle "CBM 195 Extra"]
[Source "ChessBase"]
[SourceDate "2020.05.31"]
[SourceVersion "1"]
[SourceVersionDate "2020.05.31"]
[SourceQuality "1"]

1. c4 Nf6 2. Nc3 e5 3. g3 g6 4. Bg2 Bg7 5. Nf3 0-0 6. 0-0 d6 7. a3 Nbd7 8. Rb1 b6 9. b4 a6 10. Bb2 Bb7 11. a4 d5 12. cxd5 Nxd5 13. Qc2 Nxc3 14. Bxc3 e4 15. Nd4 a5 16. Bxe4 Bxe4 17. Qxe4 axb4 18. Rxb4 Nc5 19. Qc2 Qg5 20. Nf3 Qh5 21. Bxg7 Kxg7 22. Ra1 b5 23. Rxb5 Rxa4 24. Rxa4 Nxa4 25. Rxh5 gxh5 26. Qxa4 Rd8 27. d3 1-0